Desarrollo de las destrezas lingüísticas y su evaluación

Jazykové zručnosti sú základom osvojenia si jazyka; sú získavané prostredníctvom dvoch procesov – porozumenia jazyku a jazykovému prejavu. Vďaka nim sa vyvíjajú komunikatívne znalosti žiaka. Hodnotenie je považované za záverečnú časť vyučovacieho procesu, ale napriek tomu je tiež neoddeliteľnou súča...

ver descrição completa

Na minha lista:
Detalhes bibliográficos
Autor principal: Varela Cano, Diana Patricia, 1964-
Formato: Capítulo de Livro
Idioma:espanhol
Assuntos:
Tags: Adicionar Tag
Sem tags, seja o primeiro a adicionar uma tag!

MARC

LEADER 00000nla a2200000 4500
001 0181766
005 20240502073122.9
041 0 |a spa 
044 |a SK 
245 1 0 |a Desarrollo de las destrezas lingüísticas y su evaluación  |c Diana Patricia Varela Cano 
520 |a Jazykové zručnosti sú základom osvojenia si jazyka; sú získavané prostredníctvom dvoch procesov – porozumenia jazyku a jazykovému prejavu. Vďaka nim sa vyvíjajú komunikatívne znalosti žiaka. Hodnotenie je považované za záverečnú časť vyučovacieho procesu, ale napriek tomu je tiež neoddeliteľnou súčasťou tohto procesu, vďaka čomu môžeme získať konštantné informácie, spätnú väzbu o žiakom dosiahnutých znalostiach, o kvalite vyučovacieho procesu. 
610 2 0 |a vzdelávanie 
610 2 0 |a vyučovanie 
610 2 0 |a jazyky cudzie 
610 2 0 |a španielčina 
100 1 |a Varela Cano, Diana Patricia, 1964-